Jane Austen.

Bibliographic Details
Main Author: Jenkins, Elizabeth, 1905-2010
Format: Book
Language:English
Published: New York : Pellegrini & Cudahy, [1949]
Subjects:

MARC

Tag First Indicator Second Indicator Subfields
LEADER 00000cam a2200000 4500
001 in00000011126
005 20151007052006.0
008 721215s1949 nyuc b 00000beng
010 |a  49048867  
035 |a (OCoLC)00518835 
035 |9 AAA5796AM 
040 |a DLC  |c KSU  |d m.c.  |d OCL  |d TXA  |d UtOrBLW 
049 |a TXAM  |c [170722] 
050 0 0 |a PR4036  |b .J4 1949 
082 0 |a 928.2 
100 1 |a Jenkins, Elizabeth,  |d 1905-2010. 
245 1 0 |a Jane Austen. 
264 1 |a New York :  |b Pellegrini & Cudahy,  |c [1949] 
300 |a 410 pages :  |b portrait ;  |c 22 cm. 
336 |a text  |b txt  |2 rdacontent 
337 |a unmediated  |b n  |2 rdamedia 
338 |a volume  |b nc  |2 rdacarrier 
504 |a Bibliography: page [402]. 
600 1 0 |a Austen, Jane,  |d 1775-1817. 
999 |a MARS 
999 f f |s 2619dca8-19c1-39c2-a0ee-6206396cee68  |i 62e0adec-2e6e-3489-bed8-e0799ca31223  |t 0 
952 f f |p normal  |a Texas A&M University  |b College Station  |c Sterling C. Evans Library  |d Evans: Library Stacks  |t 0  |e PR4036 .J4 1949  |h Library of Congress classification  |i unmediated -- volume  |m A14810782619 
998 f f |a PR4036 .J4 1949  |t 0  |l Evans: Library Stacks